[Event "World Youth & Cadets Rapid Championships"]
[Site "Rhodes, Greece"]
[Date "2022.05.02"]
[Round "7.3"]
[White "Chyzy, Jakub"]
[Black "Rakhmatullaev, Almas"]
[Result "1-0"]
[TimeControl "10'/game & 5\"/move"]
[WhiteElo "1951"]
[BlackElo "2050"]

1. b3 {[%clk 00:10:09]} e5 {[%clk 00:09:58]} {[%emt 00:00:12]} 2. Bb2 {[%clk
00:10:13]} Nc6 {[%clk 00:10:01]} {[%emt 00:00:03]} 3. e3 {[%clk 00:10:17]} d5
{[%clk 00:09:43]} {[%emt 00:00:22]} 4. Bb5 {[%clk 00:10:16]} {[%emt 00:00:06]}
f6 {[%clk 00:09:17]} {[%emt 00:00:32]} 5. d4 {[%clk 00:08:08]} {[%emt
00:02:13]} exd4 {[%clk 00:09:05]} {[%emt 00:00:17]} 6. Bxd4 {[%clk 00:07:57]}
{[%emt 00:00:16]} a6 {[%clk 00:08:40]} {[%emt 00:00:29]} 7. Bxc6+ {[%clk
00:07:50]} {[%emt 00:00:13]} bxc6 {[%clk 00:08:43]} {[%emt 00:00:01]} 8. Nf3
{[%clk 00:07:52]} {[%emt 00:00:03]} Bd6 {[%clk 00:08:07]} {[%emt 00:00:41]} 9.
c4 {[%clk 00:06:40]} {[%emt 00:01:17]} dxc4 {[%clk 00:07:03]} {[%emt 00:01:10]}
10. bxc4 {[%clk 00:06:34]} {[%emt 00:00:12]} c5 {[%clk 00:07:06]} {[%emt
00:00:01]} 11. Bb2 {[%clk 00:06:05]} {[%emt 00:00:34]} Rb8 {[%clk 00:06:56]}
{[%emt 00:00:15]} 12. Qc2 {[%clk 00:05:22]} {[%emt 00:00:47]} Ne7 {[%clk
00:06:49]} {[%emt 00:00:12]} 13. Nbd2 {[%clk 00:05:03]} {[%emt 00:00:25]} Bf5
{[%clk 00:06:18]} {[%emt 00:00:35]} 14. e4 {[%clk 00:04:45]} {[%emt 00:00:23]}
Bg6 {[%clk 00:06:15]} {[%emt 00:00:08]} 15. O-O {[%clk 00:03:56]} {[%emt
00:00:55]} O-O {[%clk 00:06:13]} {[%emt 00:00:06]} 16. Nh4 {[%clk 00:03:09]}
{[%emt 00:00:53]} Bh5 {[%clk 00:04:19]} {[%emt 00:01:58]} 17. f4 {[%clk
00:02:21]} {[%emt 00:00:53]} Nc6 {[%clk 00:03:22]} {[%emt 00:01:01]} 18. Nb3
{[%clk 00:01:31]} {[%emt 00:00:56]} a5 {[%clk 00:03:15]} {[%emt 00:00:12]} 19.
a3 {[%clk 00:00:35]} {[%emt 00:01:02]} a4 {[%clk 00:02:19]} {[%emt 00:01:00]}
20. Nd2 {[%clk 00:00:33]} {[%emt 00:00:08]} Be7 {[%clk 00:01:26]} {[%emt
00:00:57]} 21. Nf5 {[%clk 00:00:23]} {[%emt 00:00:16]} g6 {[%clk 00:00:16]}
{[%emt 00:01:15]} 22. Nxe7+ {[%clk 00:00:11]} {[%emt 00:00:17]} Nxe7 {[%clk
00:00:16]} {[%emt 00:00:05]} 23. Bc3 {[%clk 00:00:11]} {[%emt 00:00:04]} Qd7
{[%clk 00:00:08]} {[%emt 00:00:14]} 24. h3 {[%clk 00:00:11]} {[%emt 00:00:05]}
Be2 {[%clk 00:00:08]} {[%emt 00:00:05]} 25. Rfe1 {[%clk 00:00:10]} {[%emt
00:00:06]} Bd3 {[%clk 00:00:09]} {[%emt 00:00:04]} 26. Qd1 {[%clk 00:00:14]}
{[%emt 00:00:01]} Qe6 {[%clk 00:00:06]} {[%emt 00:00:08]} 27. Qxa4 {[%clk
00:00:12]} {[%emt 00:00:06]} Nc6 {[%clk 00:00:08]} {[%emt 00:00:04]} 28. f5
{[%clk 00:00:11]} {[%emt 00:00:05]} Qd6 {[%clk 00:00:10]} {[%emt 00:00:04]} 29.
Rad1 {[%clk 00:00:10]} {[%emt 00:00:06]} Ra8 {[%clk 00:00:13]} {[%emt
00:00:01]} 30. Qb3 {[%clk 00:00:13]} {[%emt 00:00:03]} Rfb8 {[%clk 00:00:15]}
{[%emt 00:00:03]} 31. Qa2 {[%clk 00:00:17]} Nd4 {[%clk 00:00:09]} {[%emt
00:00:11]} 32. Nf1 {[%clk 00:00:10]} {[%emt 00:00:12]} Bxf1 {[%clk 00:00:08]}
{[%emt 00:00:06]} 33. Rxf1 {[%clk 00:00:12]} {[%emt 00:00:04]} Qe5 {[%clk
00:00:08]} {[%emt 00:00:05]} 34. Bxd4 {[%clk 00:00:15]} {[%emt 00:00:02]} cxd4
{[%clk 00:00:12]} 35. fxg6 {[%clk 00:00:19]} {[%emt 00:00:01]} hxg6 {[%clk
00:00:16]} 36. Qf2 {[%clk 00:00:22]} {[%emt 00:00:01]} Rxa3 {[%clk 00:00:15]}
{[%emt 00:00:06]} 37. Rxd4 {[%clk 00:00:22]} {[%emt 00:00:06]} Rf8 {[%clk
00:00:13]} {[%emt 00:00:07]} 38. Rd7 {[%clk 00:00:19]} {[%emt 00:00:08]} Qxe4
{[%clk 00:00:09]} {[%emt 00:00:08]} 39. Re1 {[%clk 00:00:13]} {[%emt 00:00:12]}
Qf5 {[%clk 00:00:07]} {[%emt 00:00:07]} 40. Qxf5 {[%clk 00:00:11]} {[%emt
00:00:06]} gxf5 {[%clk 00:00:11]} 41. Ree7 {[%clk 00:00:15]} Rb8 {[%clk
00:00:10]} {[%emt 00:00:06]} 42. Rh7 {[%clk 00:00:18]} {[%emt 00:00:02]} Rb2
{[%clk 00:00:08]} {[%emt 00:00:07]} 43. Rdg7+ {[%clk 00:00:20]} {[%emt
00:00:03]} Kf8 {[%clk 00:00:13]} {[%emt 00:00:01]} 44. Rxc7 {[%clk 00:00:24]}
Kg8 {[%clk 00:00:14]} {[%emt 00:00:04]} 45. Rhg7+ {[%clk 00:00:28]} Kf8 {[%clk
00:00:16]} {[%emt 00:00:03]} 46. Rcf7+ {[%clk 00:00:24]} {[%emt 00:00:09]} Ke8
{[%clk 00:00:20]} {[%emt 00:00:01]} 47. Rxf6 {[%clk 00:00:27]} {[%emt
00:00:02]} Rc3 {[%clk 00:00:12]} {[%emt 00:00:12]} 48. Rxf5 {[%clk 00:00:22]}
{[%emt 00:00:10]} Rxc4 {[%clk 00:00:16]} {[%emt 00:00:01]} 49. Kh2 {[%clk
00:00:21]} {[%emt 00:00:07]} Re4 {[%clk 00:00:11]} {[%emt 00:00:10]} 50. Ra5
{[%clk 00:00:15]} {[%emt 00:00:11]} Kf8 {[%clk 00:00:10]} {[%emt 00:00:06]} 51.
Rc7 {[%clk 00:00:17]} {[%emt 00:00:02]} Re8 {[%clk 00:00:10]} {[%emt 00:00:05]}
52. h4 {[%clk 00:00:16]} {[%emt 00:00:06]} Rb4 {[%clk 00:00:11]} {[%emt
00:00:04]} 53. Kh3 {[%clk 00:00:20]} {[%emt 00:00:01]} Rb3+ {[%clk 00:00:11]}
{[%emt 00:00:06]} 54. g3 {[%clk 00:00:24]} {[%emt 00:00:01]} Kg8 {[%clk
00:00:09]} {[%emt 00:00:07]} 55. Rg5+ {[%clk 00:00:27]} Kh8 {[%clk 00:00:13]}
{[%emt 00:00:02]} 56. Rh5+ {[%clk 00:00:17]} {[%emt 00:00:14]} Kg8 {[%clk
00:00:17]} {[%emt 00:00:01]} 57. Rcc5 {[%clk 00:00:21]} {[%emt 00:00:02]} Re1
{[%clk 00:00:11]} {[%emt 00:00:10]} 58. Rcg5+ {[%clk 00:00:20]} {[%emt
00:00:07]} Kf7 {[%clk 00:00:14]} {[%emt 00:00:02]} 59. Rh7+ {[%clk 00:00:21]}
{[%emt 00:00:04]} Kf6 {[%clk 00:00:17]} {[%emt 00:00:01]} 60. Rh8 {[%clk
00:00:23]} {[%emt 00:00:03]} Rb4 {[%clk 00:00:09]} {[%emt 00:00:13]} 61. Rf8+
{[%clk 00:00:26]} {[%emt 00:00:02]} Ke7 {[%clk 00:00:13]} 62. Rff5 {[%clk
00:00:24]} {[%emt 00:00:07]} Ke6 {[%clk 00:00:14]} {[%emt 00:00:05]} 63. Rf2
{[%clk 00:00:24]} {[%emt 00:00:04]} Rh1+ {[%clk 00:00:12]} {[%emt 00:00:07]} 64.
Kg2 {[%clk 00:00:28]} {[%emt 00:00:01]} Rbb1 {[%clk 00:00:10]} {[%emt
00:00:08]} 65. Rc5 {[%clk 00:00:16]} {[%emt 00:00:17]} Rhg1+ {[%clk 00:00:09]}
{[%emt 00:00:06]} 66. Kh3 {[%clk 00:00:14]} {[%emt 00:00:07]} Rb3 {[%clk
00:00:08]} {[%emt 00:00:06]} 67. Rg5 {[%clk 00:00:11]} {[%emt 00:00:08]} Rb4
{[%clk 00:00:09]} {[%emt 00:00:04]} 68. Rg2 {[%clk 00:00:08]} {[%emt 00:00:08]}
Rh1+ {[%clk 00:00:11]} {[%emt 00:00:02]} 69. Rh2 {[%clk 00:00:12]} Rg1 {[%clk
00:00:15]} {[%emt 00:00:03]} 70. Rg4 {[%clk 00:00:15]} {[%emt 00:00:02]} Rb3
{[%clk 00:00:16]} {[%emt 00:00:04]} 71. Rg5 {[%clk 00:00:09]} {[%emt 00:00:11]}
Rb4 {[%clk 00:00:19]} {[%emt 00:00:02]} 72. Re2+ {[%clk 00:00:11]} {[%emt
00:00:02]} Kf6 {[%clk 00:00:23]} {[%emt 00:00:01]} 73. Kh2 {[%clk 00:00:12]}
{[%emt 00:00:05]} Rbb1 {[%clk 00:00:18]} {[%emt 00:00:10]} 74. Rf2+ {[%clk
00:00:09]} {[%emt 00:00:08]} Ke6 {[%clk 00:00:22]} {[%emt 00:00:02]} 75. Rg6+
{[%clk 00:00:11]} {[%emt 00:00:03]} Ke5 {[%clk 00:00:24]} {[%emt 00:00:02]} 76.
Rg8 {[%clk 00:00:15]} {[%emt 00:00:01]} Rh1+ {[%clk 00:00:11]} {[%emt
00:00:18]} 77. Kg2 {[%clk 00:00:19]} {[%emt 00:00:01]} Rhg1+ {[%clk 00:00:15]}
78. Kh3 {[%clk 00:00:17]} {[%emt 00:00:06]} Rb3 {[%clk 00:00:18]} {[%emt
00:00:03]} 79. Re8+ {[%clk 00:00:18]} {[%emt 00:00:04]} Kd6 {[%clk 00:00:20]}
{[%emt 00:00:03]} 80. Rg2 {[%clk 00:00:16]} {[%emt 00:00:07]} Rf1 {[%clk
00:00:11]} {[%emt 00:00:13]} 81. Rd2+ {[%clk 00:00:16]} {[%emt 00:00:05]} Kc7
{[%clk 00:00:14]} {[%emt 00:00:02]} 82. Ree2 {[%clk 00:00:08]} {[%emt
00:00:14]} Rff3 {[%clk 00:00:07]} {[%emt 00:00:12]} 83. Rg2 {[%clk 00:00:09]}
{[%emt 00:00:03]} Rf1 {[%clk 00:00:10]} {[%emt 00:00:02]} 84. Rgf2 {[%clk
00:00:07]} {[%emt 00:00:07]} Rg1 {[%clk 00:00:11]} {[%emt 00:00:04]} 85. Rg2
{[%clk 00:00:11]} {[%emt 00:00:02]} Rf1 {[%clk 00:00:15]} {[%emt 00:00:01]} 86.
Kg4 {[%clk 00:00:14]} Kc6 {[%clk 00:00:15]} {[%emt 00:00:06]} 87. h5 {[%clk
00:00:17]} {[%emt 00:00:02]} Rb4+ {[%clk 00:00:11]} {[%emt 00:00:09]} 88. Kg5
{[%clk 00:00:15]} {[%emt 00:00:06]} Rb5+ {[%clk 00:00:15]} {[%emt 00:00:01]} 89.
Kg6 {[%clk 00:00:18]} {[%emt 00:00:03]} Rff5 {[%clk 00:00:08]} {[%emt
00:00:12]} 90. g4 {[%clk 00:00:21]} {[%emt 00:00:01]} Rg5 {[%clk 00:00:11]}
{[%emt 00:00:02]} 91. Kf6 {[%clk 00:00:25]} Kc7 {[%clk 00:00:09]} {[%emt
00:00:07]} 92. h6 {[%clk 00:00:25]} {[%emt 00:00:06]} Rg8 {[%clk 00:00:09]}
{[%emt 00:00:05]} 93. h7 {[%emt 00:00:10]} Ra8 {[%clk 00:00:09]} 94. g5 {[%clk
00:00:17]} {[%emt 00:00:11]} Rb7 {[%clk 00:00:06]} {[%emt 00:00:09]} 95. Rh2
{[%clk 00:00:17]} {[%emt 00:00:04]} Ra6+ {[%clk 00:00:08]} {[%emt 00:00:04]} 96.
Kf5 {[%clk 00:00:20]} {[%emt 00:00:02]} Rb5+ {[%clk 00:00:08]} {[%emt
00:00:04]} 97. Ke4 {[%clk 00:00:22]} {[%emt 00:00:03]} Re6+ {[%clk 00:00:07]}
{[%emt 00:00:07]} 98. Kf4 {[%clk 00:00:25]} {[%emt 00:00:02]} Rb4+ {[%clk
00:00:11]} {[%emt 00:00:01]} 99. Kf5 {[%clk 00:00:29]} 1-0

[Event "World Youth & Cadets Rapid Championships"]
[Site "Rhodes, Greece"]
[Date "2022.05.02"]
[Round "7.4"]
[White "Trushko, Andrii"]
[Black "Tobak, Mikhail"]
[Result "0-1"]
[TimeControl "10'/game & 5\"/move"]
[WhiteElo "2065"]
[BlackElo "2159"]

1. d4 {[%clk 00:10:08]} {[%emt 00:00:02]} Nf6 {[%clk 00:10:09]} {[%emt
00:00:01]} 2. Bg5 {[%clk 00:10:11]} {[%emt 00:00:02]} e6 {[%clk 00:10:12]}
{[%emt 00:00:02]} 3. e3 {[%clk 00:10:11]} {[%emt 00:00:05]} c5 {[%clk
00:10:13]} {[%emt 00:00:03]} 4. Bxf6 {[%clk 00:10:13]} {[%emt 00:00:03]} Qxf6
{[%clk 00:10:16]} {[%emt 00:00:03]} 5. c3 {[%clk 00:10:17]} {[%emt 00:00:01]}
b6 {[%clk 00:10:17]} {[%emt 00:00:04]} 6. Nf3 {[%clk 00:10:15]} {[%emt
00:00:07]} Bb7 {[%clk 00:10:21]} {[%emt 00:00:01]} 7. Nbd2 {[%clk 00:10:19]}
cxd4 {[%clk 00:10:17]} {[%emt 00:00:10]} 8. cxd4 {[%clk 00:10:21]} {[%emt
00:00:03]} Bb4 {[%clk 00:09:41]} {[%emt 00:00:40]} 9. Be2 {[%clk 00:10:20]}
{[%emt 00:00:06]} O-O {[%clk 00:09:44]} {[%emt 00:00:02]} 10. O-O {[%clk
00:10:21]} {[%emt 00:00:03]} Qg6 {[%clk 00:09:42]} {[%emt 00:00:08]} 11. Nh4
{[%clk 00:09:05]} {[%emt 00:01:21]} Qg5 {[%clk 00:09:29]} {[%emt 00:00:18]} 12.
Bf3 {[%clk 00:08:27]} Nc6 {[%clk 00:09:06]} {[%emt 00:01:11]} 13. g3 {[%clk
00:08:29]} Ba6 {[%clk 00:08:14]} {[%emt 00:01:00]} 14. Ne4 {[%clk 00:07:49]}
Qd8 {[%clk 00:06:36]} {[%emt 00:02:29]} 15. Be2 {[%clk 00:07:49]} Bb7 {[%clk
00:06:40]} {[%emt 00:00:05]} 16. a3 {[%clk 00:07:17]} Be7 {[%clk 00:06:38]}
{[%emt 00:00:44]} 17. Ng2 {[%clk 00:07:20]} Rc8 {[%clk 00:06:19]} {[%emt
00:00:26]} 18. Rc1 {[%clk 00:07:05]} Na5 {[%emt 00:00:45]} 19. Rxc8 {[%clk
00:06:38]} {[%emt 00:00:15]} Qxc8 {[%clk 00:06:20]} {[%emt 00:00:01]} 20. Nd2
{[%clk 00:06:16]} {[%emt 00:00:27]} Qc7 {[%clk 00:05:34]} {[%emt 00:00:51]} 21.
b4 {[%clk 00:06:00]} {[%emt 00:00:21]} Nc6 {[%clk 00:05:37]} {[%emt 00:00:01]}
22. Qc2 {[%clk 00:05:29]} {[%emt 00:00:37]} Rc8 {[%clk 00:05:36]} {[%emt
00:00:06]} 23. Rc1 {[%clk 00:05:31]} {[%emt 00:00:04]} Qb8 {[%clk 00:04:11]}
{[%emt 00:01:29]} 24. Qb1 {[%clk 00:05:20]} {[%emt 00:00:15]} Qa8 {[%clk
00:03:41]} {[%emt 00:00:35]} 25. Nf4 {[%clk 00:05:19]} {[%emt 00:00:07]} Bg5
{[%clk 00:03:36]} {[%emt 00:00:10]} 26. Nc4 {[%clk 00:04:00]} {[%emt 00:01:24]}
Bxf4 {[%clk 00:02:45]} {[%emt 00:00:56]} 27. gxf4 {[%clk 00:04:04]} {[%emt
00:00:02]} Qb8 {[%clk 00:02:49]} 28. Bd3 {[%clk 00:03:23]} f5 {[%clk 00:02:25]}
{[%emt 00:01:13]} 29. b5 {[%clk 00:02:18]} Nxd4 {[%clk 00:01:27]} {[%emt
00:02:13]} 30. exd4 {[%clk 00:02:07]} Qxf4 {[%clk 00:01:30]} {[%emt 00:00:19]}
31. Ne3 {[%clk 00:02:11]} Rf8 {[%clk 00:01:14]} {[%emt 00:00:22]} 32. Bf1
{[%emt 00:00:30]} Qg5+ {[%clk 00:01:10]} {[%emt 00:00:08]} 33. Ng2 {[%clk
00:01:28]} {[%emt 00:00:24]} f4 {[%clk 00:00:55]} {[%emt 00:00:19]} 34. f3
{[%clk 00:01:08]} {[%emt 00:00:26]} Bxf3 {[%clk 00:00:52]} {[%emt 00:00:09]} 35.
Qb2 {[%clk 00:00:57]} {[%emt 00:00:15]} Bd5 {[%clk 00:00:40]} {[%emt 00:00:16]}
36. Qd2 {[%clk 00:00:48]} {[%emt 00:00:14]} Qg4 {[%clk 00:00:41]} {[%emt
00:00:04]} 37. Kf2 {[%clk 00:00:48]} {[%emt 00:00:05]} f3 {[%clk 00:00:43]}
{[%emt 00:00:04]} 38. Ne1 {[%clk 00:00:26]} {[%emt 00:00:28]} Qh4+ {[%clk
00:00:42]} {[%emt 00:00:05]} 39. Ke3 {[%clk 00:00:31]} Qg5+ {[%clk 00:00:26]}
{[%emt 00:00:21]} 40. Kd3 {[%clk 00:00:34]} {[%emt 00:00:02]} Be4+ {[%clk
00:00:29]} 41. Kc3 {[%clk 00:00:27]} {[%emt 00:00:11]} Rc8+ {[%clk 00:00:32]}
{[%emt 00:00:03]} 42. Kb3 {[%clk 00:00:30]} {[%emt 00:00:02]} Qxd2 {[%clk
00:00:31]} {[%emt 00:00:06]} 43. Rxc8+ {[%clk 00:00:34]} {[%emt 00:00:01]} Kf7
{[%clk 00:00:35]} {[%emt 00:00:01]} 44. Nc2 {[%clk 00:00:35]} {[%emt 00:00:04]}
f2 {[%clk 00:00:31]} {[%emt 00:00:09]} 45. Kb2 {[%clk 00:00:32]} {[%emt
00:00:08]} Qe1 {[%clk 00:00:26]} {[%emt 00:00:10]} 46. Bh3 {[%clk 00:00:10]}
{[%emt 00:00:27]} Bxc2 {[%clk 00:00:26]} {[%emt 00:00:05]} 47. Rxc2 {[%clk
00:00:14]} {[%emt 00:00:02]} f1=Q {[%clk 00:00:28]} {[%emt 00:00:03]} 0-1

[Event "World Youth & Cadets Rapid Championships"]
[Site "Rhodes, Greece"]
[Date "2022.05.02"]
[Round "7.5"]
[White "Olenik Campa, Rudi"]
[Black "Petrovskyi, Vadym"]
[Result "0-1"]
[TimeControl "10'/game & 5\"/move"]
[WhiteElo "1917"]
[BlackElo "2347"]

1. e4 {[%clk 00:10:09]} {[%emt 00:00:01]} c5 {[%clk 00:10:09]} {[%emt
00:00:01]} 2. Nf3 {[%clk 00:10:12]} {[%emt 00:00:01]} d6 {[%clk 00:10:13]}
{[%emt 00:00:01]} 3. d4 {[%clk 00:10:16]} {[%emt 00:00:02]} cxd4 {[%clk
00:10:17]} {[%emt 00:00:01]} 4. Nxd4 {[%clk 00:10:19]} {[%emt 00:00:02]} Nf6
{[%clk 00:10:21]} {[%emt 00:00:01]} 5. Nc3 {[%clk 00:10:23]} {[%emt 00:00:02]}
a6 {[%clk 00:10:24]} 6. g3 {[%clk 00:10:26]} {[%emt 00:00:01]} e5 {[%clk
00:10:25]} {[%emt 00:00:05]} 7. Nde2 {[%clk 00:10:30]} Be7 {[%clk 00:10:27]}
{[%emt 00:00:04]} 8. a4 {[%clk 00:10:33]} {[%emt 00:00:01]} Be6 {[%clk
00:10:27]} {[%emt 00:00:04]} 9. Bg2 {[%clk 00:10:35]} {[%emt 00:00:03]} Nbd7
{[%clk 00:10:30]} {[%emt 00:00:02]} 10. O-O {[%clk 00:10:34]} {[%emt 00:00:07]}
O-O {[%clk 00:10:24]} {[%emt 00:00:10]} 11. b3 {[%clk 00:10:37]} {[%emt
00:00:02]} Rc8 {[%clk 00:10:11]} {[%emt 00:00:19]} 12. Ba3 {[%clk 00:10:25]}
{[%emt 00:00:17]} Nc5 {[%clk 00:09:51]} {[%emt 00:00:25]} 13. Qd2 {[%clk
00:10:00]} {[%emt 00:00:30]} Qc7 {[%clk 00:09:05]} {[%emt 00:00:51]} 14. f4
{[%clk 00:08:52]} {[%emt 00:01:13]} Bg4 {[%clk 00:08:27]} {[%emt 00:00:42]} 15.
Qe3 {[%clk 00:08:43]} {[%emt 00:00:15]} Ne6 {[%clk 00:07:43]} {[%emt 00:00:49]}
16. h3 {[%clk 00:07:13]} {[%emt 00:01:34]} Bxe2 {[%clk 00:06:18]} {[%emt
00:01:31]} 17. Nxe2 {[%clk 00:07:16]} {[%emt 00:00:02]} b5 {[%clk 00:05:59]}
{[%emt 00:00:23]} 18. axb5 {[%emt 00:00:30]} axb5 {[%clk 00:06:00]} 19. c4
{[%clk 00:06:18]} {[%emt 00:00:42]} bxc4 {[%clk 00:04:33]} {[%emt 00:01:33]} 20.
Rfc1 {[%clk 00:05:02]} {[%emt 00:01:20]} Qb7 {[%clk 00:03:01]} {[%emt
00:01:37]} 21. bxc4 {[%clk 00:04:41]} {[%emt 00:00:26]} Rfe8 {[%clk 00:02:06]}
{[%emt 00:01:00]} 22. Rab1 {[%clk 00:03:36]} {[%emt 00:01:10]} Qa6 {[%clk
00:01:59]} {[%emt 00:00:12]} 23. Rb6 {[%clk 00:02:47]} {[%emt 00:00:54]} Qa7
{[%clk 00:02:03]} {[%emt 00:00:02]} 24. Rb3 {[%clk 00:02:51]} Qa4 {[%clk
00:01:40]} {[%emt 00:00:28]} 25. Rb4 {[%clk 00:02:37]} {[%emt 00:00:19]} Qa8
{[%clk 00:01:44]} {[%emt 00:00:01]} 26. Rb5 {[%clk 00:02:25]} {[%emt 00:00:16]}
Nd7 {[%clk 00:01:18]} {[%emt 00:00:31]} 27. Rd5 {[%clk 00:01:18]} {[%emt
00:01:12]} Qa6 {[%clk 00:01:06]} {[%emt 00:00:18]} 28. Bf1 {[%clk 00:01:00]}
{[%emt 00:00:22]} Nb6 {[%clk 00:00:55]} {[%emt 00:00:17]} 29. fxe5 {[%clk
00:00:28]} {[%emt 00:00:36]} Bg5 {[%clk 00:00:46]} {[%emt 00:00:14]} 30. Nf4
{[%clk 00:00:21]} {[%emt 00:00:13]} dxe5 {[%clk 00:00:17]} {[%emt 00:00:33]} 31.
Rxe5 {[%clk 00:00:23]} {[%emt 00:00:02]} Nd7 {[%clk 00:00:15]} {[%emt
00:00:08]} 32. Rd5 {[%clk 00:00:24]} {[%emt 00:00:05]} Nf6 {[%clk 00:00:18]}
{[%emt 00:00:01]} 33. Re5 {[%clk 00:00:26]} {[%emt 00:00:03]} Bh6 {[%clk
00:00:17]} {[%emt 00:00:06]} 34. Rc3 {[%clk 00:00:25]} {[%emt 00:00:06]} Nxf4
{[%clk 00:00:18]} {[%emt 00:00:04]} 35. Rxe8+ {[%clk 00:00:28]} {[%emt
00:00:02]} Rxe8 {[%clk 00:00:23]} 36. gxf4 {[%clk 00:00:30]} {[%emt 00:00:03]}
Rxe4 {[%clk 00:00:22]} {[%emt 00:00:06]} 37. Qd3 {[%clk 00:00:33]} {[%emt
00:00:02]} Bxf4 {[%clk 00:00:19]} {[%emt 00:00:08]} 38. c5 {[%clk 00:00:29]}
{[%emt 00:00:08]} Qc8 {[%clk 00:00:18]} {[%emt 00:00:06]} 39. Bg2 {[%clk
00:00:25]} {[%emt 00:00:10]} Re1+ {[%clk 00:00:18]} {[%emt 00:00:05]} 40. Kf2
{[%clk 00:00:21]} {[%emt 00:00:09]} Re8 {[%clk 00:00:17]} {[%emt 00:00:05]} 41.
c6 {[%clk 00:00:24]} {[%emt 00:00:02]} Bc7 {[%clk 00:00:18]} {[%emt 00:00:05]}
42. Bc5 {[%clk 00:00:18]} {[%emt 00:00:10]} h5 {[%clk 00:00:22]} {[%emt
00:00:01]} 43. Be3 {[%clk 00:00:22]} {[%emt 00:00:02]} h4 {[%clk 00:00:26]}
{[%emt 00:00:01]} 44. Rc1 {[%clk 00:00:21]} {[%emt 00:00:06]} Qe6 {[%clk
00:00:28]} {[%emt 00:00:03]} 45. Bd2 {[%clk 00:00:19]} {[%emt 00:00:06]} Bb6+
{[%clk 00:00:31]} {[%emt 00:00:02]} 46. Kf1 {[%clk 00:00:22]} {[%emt 00:00:02]}
Qe5 {[%clk 00:00:35]} {[%emt 00:00:02]} 47. Qf3 {[%clk 00:00:14]} {[%emt
00:00:12]} Nh5 {[%clk 00:00:37]} {[%emt 00:00:04]} 48. Bh1 {[%clk 00:00:08]}
{[%emt 00:00:10]} Qh2 {[%clk 00:00:36]} {[%emt 00:00:06]} 49. Be1 {[%clk
00:00:08]} {[%emt 00:00:06]} Qg1# {[%clk 00:00:39]} {[%emt 00:00:02]} 0-1

[Event "World Youth & Cadets Rapid Championships"]
[Site "Rhodes, Greece"]
[Date "2022.05.02"]
[Round "7.6"]
[White "Pidluznij, Gleb"]
[Black "Kovalskyi, Roman"]
[Result "1/2-1/2"]
[TimeControl "10'/game & 5\"/move"]
[WhiteElo "2051"]
[BlackElo "1897"]

1. d4 {[%clk 00:10:08]} {[%emt 00:00:02]} d5 {[%clk 00:10:09]} {[%emt
00:00:01]} 2. c4 {[%clk 00:10:10]} {[%emt 00:00:03]} e6 {[%clk 00:10:13]}
{[%emt 00:00:02]} 3. g3 {[%clk 00:10:11]} {[%emt 00:00:03]} Nf6 {[%clk
00:10:10]} {[%emt 00:00:08]} 4. Bg2 {[%clk 00:10:13]} {[%emt 00:00:02]} Be7
{[%clk 00:10:11]} {[%emt 00:00:05]} 5. Nf3 {[%clk 00:10:15]} {[%emt 00:00:03]}
dxc4 {[%clk 00:10:03]} {[%emt 00:00:12]} 6. O-O {[%clk 00:10:13]} {[%emt
00:00:07]} Bd7 {[%clk 00:10:04]} {[%emt 00:00:04]} 7. Ne5 {[%clk 00:09:33]}
{[%emt 00:00:45]} Bc6 {[%clk 00:10:07]} {[%emt 00:00:02]} 8. Nxc6 {[%clk
00:09:21]} {[%emt 00:00:18]} Nxc6 {[%clk 00:10:08]} {[%emt 00:00:04]} 9. Bxc6+
{[%clk 00:08:36]} {[%emt 00:00:50]} bxc6 {[%clk 00:10:12]} {[%emt 00:00:01]} 10.
Qa4 {[%clk 00:08:39]} {[%emt 00:00:02]} O-O {[%clk 00:09:47]} {[%emt 00:00:30]}
11. Qxc4 {[%clk 00:07:52]} {[%emt 00:00:52]} Qd5 {[%clk 00:09:45]} {[%emt
00:00:08]} 12. Qxd5 {[%clk 00:07:04]} {[%emt 00:00:52]} cxd5 {[%clk 00:09:48]}
{[%emt 00:00:02]} 13. b3 {[%clk 00:05:35]} {[%emt 00:01:34]} c5 {[%clk
00:09:33]} {[%emt 00:00:20]} 14. Ba3 {[%clk 00:04:35]} {[%emt 00:01:06]} Rfc8
{[%clk 00:08:07]} {[%emt 00:01:31]} 15. Nd2 {[%clk 00:03:57]} {[%emt 00:00:42]}
Bf8 {[%clk 00:07:32]} {[%emt 00:00:40]} 16. dxc5 {[%clk 00:03:11]} {[%emt
00:00:52]} Bxc5 {[%clk 00:07:35]} {[%emt 00:00:01]} 17. Bxc5 {[%clk 00:03:01]}
{[%emt 00:00:14]} Rxc5 {[%clk 00:07:39]} {[%emt 00:00:02]} 18. Rfc1 {[%clk
00:02:50]} {[%emt 00:00:16]} Rac8 {[%clk 00:07:43]} {[%emt 00:00:01]} 19. Rxc5
{[%clk 00:02:52]} {[%emt 00:00:03]} Rxc5 {[%clk 00:07:47]} {[%emt 00:00:01]} 20.
Kf1 {[%clk 00:02:51]} {[%emt 00:00:06]} Kf8 {[%clk 00:07:26]} {[%emt 00:00:26]}
21. Ke1 {[%clk 00:02:33]} {[%emt 00:00:23]} Ke7 {[%emt 00:00:03]} 22. h3 {[%clk
00:02:08]} {[%emt 00:00:28]} g5 {[%clk 00:06:59]} {[%emt 00:00:36]} 23. Kd1
{[%clk 00:02:07]} {[%emt 00:00:06]} h6 {[%clk 00:06:55]} {[%emt 00:00:09]} 24.
Rc1 {[%clk 00:01:55]} {[%emt 00:00:16]} Kd6 {[%clk 00:06:34]} {[%emt 00:00:27]}
25. Rxc5 {[%clk 00:01:48]} {[%emt 00:00:12]} Kxc5 {[%clk 00:06:37]} {[%emt
00:00:01]} 26. Kc2 {[%clk 00:01:53]} e5 {[%clk 00:06:08]} {[%emt 00:00:35]} 27.
e3 {[%clk 00:01:38]} {[%emt 00:00:19]} e4 {[%clk 00:05:16]} {[%emt 00:00:57]}
28. Kc3 {[%clk 00:01:15]} {[%emt 00:00:29]} Nd7 {[%clk 00:04:27]} {[%emt
00:00:54]} 29. b4+ {[%clk 00:01:12]} {[%emt 00:00:07]} Kd6 {[%clk 00:04:31]}
{[%emt 00:00:01]} 30. a4 {[%clk 00:00:47]} {[%emt 00:00:31]} Ne5 {[%clk
00:04:12]} {[%emt 00:00:24]} 31. b5 {[%clk 00:00:21]} {[%emt 00:00:31]} Nd3
{[%clk 00:03:42]} {[%emt 00:00:34]} 32. f4 {[%clk 00:00:16]} {[%emt 00:00:09]}
Nc1 {[%clk 00:02:46]} {[%emt 00:01:02]} 33. fxg5 {[%clk 00:00:10]} {[%emt
00:00:11]} Ne2+ {[%clk 00:02:49]} {[%emt 00:00:02]} 34. Kb4 {[%clk 00:00:10]}
{[%emt 00:00:04]} hxg5 {[%clk 00:02:50]} {[%emt 00:00:05]} 35. h4 {[%clk
00:00:09]} {[%emt 00:00:06]} Nxg3 {[%clk 00:01:29]} {[%emt 00:01:26]} 36. hxg5
{[%clk 00:00:13]} 1/2-1/2